[Event "Moscow op 10"]
[Site "Moscow"]
[Date "2009.10.30"]
[Round "9"]
[White "Apryshko, Gleb"]
[Black "Pletnev, Evgeniy"]
[Result "1-0"]
[WhiteElo "2181"]
[BlackElo "2243"]
[PlyCount "189"]
[EventDate "2009.10.17"]
[EventType "swiss"]
[EventRounds "9"]
[EventCountry "RUS"]
[SourceTitle "EXT 2010"]
[Source "ChessBase"]
[SourceDate "2010.11.25"]
[SourceVersion "1"]
[SourceVersionDate "2010.11.25"]
[SourceQuality "1"]

1. d4 f5 2. Nf3 Nf6 3. c4 g6 4. Nc3 Bg7 5. b4 0-0 6. Bb2 d6 7. e3 Qe8 8. c5 d5 9. Qb3 e6 10. Be2 h6 11. Ne5 Nfd7 12. Nb5 Na6 13. 0-0 Nxe5 14. dxe5 Bd7 15. a4 f4 16. e4 dxe4 17. Bc4 Kh7 18. Nd4 c6 19. Bxa6 bxa6 20. Rae1 Rb8 21. a5 e3 22. fxe3 fxe3 23. Nf3 Rf4 24. Bd4 g5 25. g3 Re4 26. Qd3 Qg6 27. Bc3 Be8 28. Nd2 Rxe5 29. Qxg6+ Bxg6 30. Bxe5 Bxe5 31. Nf3 Bc3 32. Rxe3 Bxb4 33. Re5 Rb5 34. Rxe6 Bxc5+ 35. Kh1 Rxa5 36. Rd1 g4 37. Rd7+ Kh8 38. Rxg6 gxf3 39. Rxh6+ Kg8 40. Rg6+ Kh8 41. Rd1 Bb6 42. Rxc6 Re5 43. Rf1 f2 44. Rc4 Kg7 45. Kg2 Kf6 46. h4 a5 47. Rf4+ Ke6 48. g4 Rb5 49. g5 Rb4 50. Kf3 Ke5 51. Rxb4 axb4 52. Kg4 b3 53. h5 b2 54. h6 Bd4 55. g6 Kf6 56. g7 Kf7 57. Kf3 a5 58. Ke4 Bf6 59. Kd3 a4 60. Kc2 a3 61. Kb3 Kg8 62. Ka2 Bd4 63. Rd1 Kh7 64. Kxa3 Bf6 65. Rh1 Bg5 66. Kxb2 Bxh6 67. Kc2 Kxg7 68. Kd3 Bf4 69. Ke2 Kf6 70. Kxf2 Ke5 71. Kf3 Bd2 72. Rh5+ Kd4 73. Rh8 Ba5 74. Rh4+ Kc5 75. Ke4 Kc6 76. Kd4 Bb6+ 77. Kc4 Be3 78. Rh3 Bf4 79. Rf3 Be5 80. Rf5 Bg7 81. Rg5 Bb2 82. Rg6+ Kc7 83. Kd5 Kb7 84. Kc5 Ba3+ 85. Kd5 Bb2 86. Rg2 Bf6 87. Rf2 Bc3 88. Kc5 Be5 89. Rf7+ Ka8 90. Kc6 Bd4 91. Rf5 Bc3 92. Kc7 Be1 93. Rf3 Ba5+ 94. Kc6 Kb8 95. Rb3+ 1-0

[Event "RSSU-18 op"]
[Site "Moscow"]
[Date "2009.10.24"]
[Round "5"]
[White "Pletnev, Evgeniy"]
[Black "Mazurov, Arslan"]
[Result "1-0"]
[WhiteElo "2243"]
[BlackElo "1616"]
[PlyCount "63"]
[EventDate "2009.10.17"]
[EventType "swiss"]
[EventRounds "9"]
[EventCountry "RUS"]
[SourceTitle "EXT 2022"]
[Source "ChessBase"]
[SourceDate "2021.10.06"]
[SourceVersion "1"]
[SourceVersionDate "2021.10.06"]
[SourceQuality "1"]

1. e4 e5 2. Nc3 Nc6 3. f4 exf4 4. Nf3 Be7 5. Bc4 Bh4+ 6. Kf1 d6 7. d4 Bg4 8. Bxf4 Qd7 9. Be2 Bf6 10. e5 dxe5 11. dxe5 Qxd1+ 12. Rxd1 Bxf3 13. Bxf3 g5 14. exf6 gxf4 15. Nb5 Kf8 16. Nxc7 Rc8 17. Nd5 Ne5 18. c3 Nc4 19. Kf2 Nxb2 20. Rd4 b6 21. Be2 b5 22. Bxb5 Rb8 23. Re1 Nxf6 24. Nxf6 Rxb5 25. Rd8+ Kg7 26. Ne8+ Kg6 27. Rd6+ Kg5 28. Kf3 Nc4 29. h4+ Kxh4 30. Kxf4 Rf5+ 31. Kxf5 Rxe8 32. Rd4+ 1-0